| 000 | 01118cam a22003974i 4500 | ||
|---|---|---|---|
| 003 | PE-LiUPU | ||
| 005 | 20250731184547.0 | ||
| 008 | 150625s r 000 0 d | ||
| 035 | _a(Sirsi) a31859 | ||
| 040 |
_aPE-LiUPU _bspa _cPE-LiUPU _erda |
||
| 082 | 0 | 4 |
_a956.94 / BN _bM26 _221 |
| 100 | 1 |
_aMartin, Carlo Maria, _eautor. |
|
| 245 | 1 | 0 | _aSamuel profeta religioso y civil / |
| 264 | 1 |
_aSantander : _bSal Terrae, _c1990. |
|
| 300 |
_a 159 p. ; _c21 cm |
||
| 336 |
_atext _2rdacontent |
||
| 337 |
_aunmediated _2rdamedia |
||
| 338 |
_avolume _2rdacarrier |
||
| 526 | _aP136 | ||
| 526 | _aP135 | ||
| 526 | _aP134 | ||
| 526 | _aP133 | ||
| 526 | _aP144 | ||
| 526 | _aP143 | ||
| 526 | _aP87 | ||
| 526 | _aP35 | ||
| 526 | _aP20 | ||
| 526 | _aP14 | ||
| 526 | _aP10 | ||
| 526 | _aP06 | ||
| 650 | 1 | 4 |
_aProfetas _xTeología bíblica. _92417 |
| 942 |
_2ddc _cBK |
||
| 949 |
_a956.94 / BN M26 _wDEWEY _c1 _i37150 _lCCODEBUL1 _mBUL _p00.00 _r0 _sY _tBOOK _u2015-06-25 _xBIBLIOTECA _zUNKNOWN _0COMPRA _o.STAFF. Colección General |
||
| 999 |
_c39453 _d39453 |
||
| 980 |
_81 _gALBERTO SANCHEZ Responsable de Automatización |
||